000
00380nam a2200133Ia 4500
008
151001s9999||||xx |||||||||||||| ||und||
100
_a
ग प्र प्रधान
245
_a
लोकमान्य टिळक व्यक्ती व काय
250
_a
1
260
_b
केशरी प्रकाशन
260
_c
1971
300
_a
74
365
_b
21
999
_c
956812
_d
956809